000 00686nam a2200181Ia 4500
008 151018s9999 xx 000 0 und d
082 _bRBASDV6844
_a891.463
100 _aचंद्रकांत काकोडकर
245 _aहार कुणाची जीत कुणाची
250 _b1
260 _bकुलकर्णी प.अ.
_c1970
300 _a176
600 _aचंद्रकांत काकोडकर
630 _aहार कुणाची जीत कुणाची
700 _aचंद्रकांत काकोडकर
730 _aहार कुणाची जीत कुणाची
942 _cBOOK
999 _c1009213
_d1009210